Jaipur International Airport Destinations (Jaipur, India) - Statistics

General Stats
  • This quiz has been taken 47 times
    23 since last reset
  • The average score is 18 of 33
Answer Stats
Airline Destination % Correct
Etihad Airways Abu Dhabi
100%
IndiGo/SpiceJet Ahmedabad
100%
Thai AirAsia Bangkok (Don Mueang)
100%
IndiGo Chennai
100%
Air India/Air India Express/Alliance Air/IndiGo/SpiceJet Delhi
100%
Air India Express/SpiceJet Dubai (International)
100%
IndiGo/SpiceJet Kolkata
100%
Air India/Air India Express/IndiGo/SpiceJet Mumbai
100%
Air India Express/IndiGo Bengaluru
91%
Air India Express/IndiGo Hyderabad
91%
IndiGo Goa (Mopa)
82%
AirAsia Kuala Lumpur (International)
73%
SalamAir Muscat
73%
Air India Express/IndiGo/SpiceJet Pune
73%
IndiGo Lucknow
64%
IndiGo Surat
64%
Air Arabia Sharjah
55%
IndiGo Chandigarh
45%
IndiGo Indore
45%
IndiGo Udaipur
45%
IndiGo Bhopal
36%
IndiGo Jodhpur
36%
Air India Express/SpiceJet Varanasi
36%
IndiGo Jaisalmer
27%
Air India Express Guwahati
18%
IndiGo Pantnagar
18%
IndiGo Dehradun
9%
IndiGo Dharmashala
9%
SpiceJet Prayagraj
9%
IndiGo Bareilly
0%
Star Air Belgaum
0%
Alliance Air Kullu
0%
IndiGo Navi Mumbai
0%
No matching quizzes found
Score Distribution
Percent of People with Each Score
Percentile by Number Answered
Your Score History
You have not taken this quiz since the last reset